| 000 | 00714nam a22001937a 4500 | ||
|---|---|---|---|
| 005 | 20251108164928.0 | ||
| 008 | 250721s1989 xx 000 0 ara d | ||
| 082 | 1 | 4 | _a213/نعي |
| 100 | 1 | _aأبو نعيم الأصفهاني، أحمد بن عبد الله بن أحمد | |
| 245 | 1 | 0 | _aتسمية ما إنتهى إلينا من الرواة عن إبن نعيم الفضل بن دكين عاليا / |
| 264 | 1 |
_aالرياض : _bدار العاصمة، _c1989. |
|
| 300 | _a126ص | ||
| 490 | 0 | _aأجزاء حديثية ؛9 | |
| 650 | 1 | 7 | _aالإسلام |
| 650 | 1 | 7 | _aالحديث الشريف |
| 700 | 1 |
_aالجديع، عبد الله بن يوسف _eتحقيق |
|
| 942 |
_2ddc _cBK |
||
| 999 |
_c17684 _d17684 |
||